Normal view MARC view
  • Parry, H. G

Entry Personal Name

Number of records used in: 1

001 - CONTROL NUMBER

  • control field: 42501

003 - CONTROL NUMBER IDENTIFIER

  • control field: NUST

005 - DATE AND TIME OF LATEST TRANSACTION

  • control field: 20210314132328.0

008 - FIXED-LENGTH DATA ELEMENTS

  • fixed length control field: 210314|| aca||aabn | a|a d

040 ## - CATALOGING SOURCE

  • Original cataloging agency: NUST
  • Transcribing agency: NUST

100 ## - HEADING--PERSONAL NAME

  • Personal name: Parry, H. G

670 ## - SOURCE DATA FOUND

  • Source citation: Work cat.: (NUST): Parry, H. G, Stress-strain behaviour of soils;, 1971.
© 2023 Central Library, National University of Sciences and Technology. All Rights Reserved.